Chaîne de lettres Pokémon Type Eau - Statistiques

Statistiques générales
  • Ce quiz a été pris 39 fois
    30 depuis la dernière actualisation
  • Le résultat moyen est 11 sur 20
Statistiques - réponses
Hint Réponse % Correct
Évolution du Pokémon Canard iconique d'Ondine Akwakwak
82%
Petit poisson 3g en coeur Lovdisc
82%
Premier stade d'un starter 4g Tiplouf
82%
Pokémon de Sacha qui lui servait de bateau aux îles oranges Lokhlass
71%
Premier stade de la lignée de Ludicolo Nénupiot
71%
Évolution finale d'un starter 7g Oratoria
71%
Évolution finale 2g possédant le type Eau-Fée Azumarill
65%
Évolution de coquiperl après un échange avec une dent océan Serpang
65%
Évolution d'Écrapince Colhomard
59%
Revenu à la vie à partir du fossile dôme Kabuto
59%
Évolution de Tétarte après un échange avec une roche royale Tarpaud
59%
Sa forme banc est le dominant de la colline clapotis Froussardine
53%
Pokémon 1g de type eau-poison possédant une espèce convergente Tentacruel
53%
Poisson 4g, pré-évolution de Luminéon Écayon
41%
Pré-Évolution de Hastacuda Embrochet
35%
Évolution finale 6g de la seule lignée ayant le talent Méga-Blaster Gamblast
35%
Il s'est fait mordre la tête par un Kokiyas Roigada
35%
Il évolue en gagnant un niveau en club union Dofin
29%
Pokémon 8g pouvant avaler un pikachu ou un embrochet Nigosier
29%
Poisson 8g émettant beaucoup de bruit Denticrisse
12%
Aucun quiz correspondant
Distribution des résultats
% des personnes avec chaque résultat
Percentile par nombre de réponses
Votre historique - résultats
Vous n’avez pas pris ce quiz depuis la dernière actualisation